[Event "BRA-ch Amateurs U2000"]
[Site "Sao Paulo"]
[Date "2024.05.30"]
[Round "2"]
[White "Passos, Marco Aurelio Novae"]
[Black "Alves, Ricardo Castagnari"]
[Result "0-1"]
[WhiteElo "1848"]
[BlackElo "1701"]
[PlyCount "67"]
[EventDate "2024.05.30"]
[EventType "swiss"]
[EventRounds "7"]
[EventCountry "BRA"]
[SourceTitle "CB23_2024"]
[SourceDate "2024.06.05"]
[SourceVersion "1"]
[SourceVersionDate "2024.06.05"]
[SourceQuality "1"]

1. e4 c5 2. Nf3 e6 3. d4 cxd4 4. Nxd4 Nc6 5. Nb5 d6 6. Bf4 e5 7. Be3 Nf6 8. N5c3 a6 9. Na3 b5 10. Nd5 Nxd5 11. exd5 Ne7 12. c4 b4 13. Nc2 Rb8 14. b3 g6 15. Bd3 Bg7 16. Rc1 0-0 17. 0-0 Bf5 18. f3 Bxd3 19. Qxd3 Nf5 20. Bf2 Bh6 21. Rcd1 Qe8 22. g4 Ne7 23. Bh4 Qd7 24. c5 dxc5 25. d6 Nc6 26. Qd5 Rfc8 27. Rfe1 Bf8 28. Ne3 Nd4 29. Nc4 Qb7 30. Qxb7 Rxb7 31. Kg2 Re8 32. Bf6 Bg7 33. Bxg7 Kxg7 34. Rxe5 0-1

[Event "Sao Paulo STD U2200 op 5th"]
[Site "Sao Paulo"]
[Date "2019.08.30"]
[Round "1"]
[White "Rocha, Anderson Rosendo"]
[Black "Passos, Marco Aurelio Novae"]
[Result "0-1"]
[WhiteElo "1627"]
[BlackElo "1800"]
[PlyCount "70"]
[EventDate "2019.08.30"]
[EventType "swiss"]
[EventRounds "6"]
[EventCountry "BRA"]
[SourceTitle "CBM 195 Extra"]
[Source "ChessBase"]
[SourceDate "2020.05.31"]
[SourceVersion "1"]
[SourceVersionDate "2020.05.31"]
[SourceQuality "1"]

1. e4 e5 2. Nf3 Nc6 3. d4 exd4 4. Bc4 Nf6 5. e5 d5 6. Bb5 Ne4 7. Nxd4 Bc5 8. 0-0 Bd7 9. Bxc6 bxc6 10. Be3 Qe7 11. Re1 0-0 12. f3 Ng5 13. f4 Ne4 14. Nd2 f5 15. N2f3 Rab8 16. e6 Bxd4 17. Nxd4 Be8 18. Nb3 Ra8 19. Bd4 c5 20. Be5 Rd8 21. Qe2 c4 22. Nd2 Qc5+ 23. Kh1 Bh5 24. Nf3 Rfe8 25. Bd4 Qa5 26. Qe3 Rxe6 27. Bc3 Qa6 28. Nd4 Ree8 29. Nxf5 Rd7 30. Qh3 Qg6 31. Nh4 Qb6 32. Re3 Rf7 33. Nf5 Bg6 34. Bd4 Bxf5 35. Qh4 Qxd4 0-1